La presunción de inocencia en la jurisprudencia del tribunal constitucional: selección jurisprudencial

Saved in:
Bibliografiske detaljer
Hovedforfatter: Carballo Armas, Pedro (Author)
Format: Bog
Sprog:spansk
Udgivet: Madrid Ministerio de Justicia 2004
Fag:
Tags: Tilføj Tag
Ingen Tags, Vær først til at tagge denne postø!

MARC

LEADER 00000cam a2200000 a 4500
001 UCF2034
003 CL-VaPUC
008 120802e20040000SP |||||||||||||||||spa|d
020 |a 8477878129 
082 0 4 |a 347.064  |b CAR  |2 21 
100 0 |a Carballo Armas, Pedro  |e author  |9 563615 
245 1 3 |a La presunción de inocencia en la jurisprudencia del tribunal constitucional: selección jurisprudencial 
300 |a 158 p 
942 |c BK 
945 |d 20120802 00:00:00  |a dcastane 
260 |a Madrid  |b Ministerio de Justicia  |c 2004 
650 0 |a Presunción de inocencia  |9 467635 
650 0 |a Recurso de casación  |9 258890 
650 0 |a Prueba  |9 256247 
650 0 |a Tribunal constitucional   |9 255000 
650 0 |a Derecho constitucional   |9 222588 
583 |a last modification  |c 20120802 10:35:00  |k Rodrigo Vera 
999 |c 348707  |d 348705 
952 |0 0  |1 0  |4 0  |6 347_064000000000000_CAR_2004  |7 0  |8 A  |9 450847  |a BIBDER  |b BIBDER  |d 2019-11-22  |i 4887522  |o 347.064 CAR 2004  |p 4887522  |r 2023-01-25  |w 2019-11-22  |y BK  |k DER